International journal of rock mechanics and mining sciences & geomechanics abstracts.
| New Title: | International journal of rock mechanics and mining sciences (Oxford, England : 1997) Geomechanics abstracts (Amsterdam, Netherlands) |
|---|---|
| Previous Title: | Geomechanics abstracts International journal of rock mechanics and mining sciences |
| Format: | Serial |
| Language: | English |
| Published: |
Oxford ; New York :
Pergamon Press.
|
| Subjects: | |
| Online Availability: |
|
MARC
| Tag | First Indicator | Second Indicator | Subfields |
|---|---|---|---|
| LEADER | 00000cas a2200000 a 4500 | ||
| 001 | in00000038317 | ||
| 005 | 20151007080950.0 | ||
| 008 | 760426d19731996enkbxz a 0 a0eng d | ||
| 010 | |a 79642830 | ||
| 019 | |a 2262583 | ||
| 022 | 0 | |a 0148-9062 | |
| 030 | |a IRMGBG | ||
| 032 | |a 008946 |b USPS | ||
| 035 | |a (OCoLC)ocm02139425 | ||
| 035 | |a (OCoLC)02139425 | ||
| 035 | |a AAF5668AM | ||
| 040 | |a PAU |c PAU |d MUL |d COO |d NSD |d OCL |d DLC |d NSD |d DLC |d NSD |d AIP |d NST |d AIP |d NST |d OCL |d NST |d NSD |d DLC |d OCL |d NST |d OCL |d NST |d NSD |d MYG |d DLC |d MYG |d UtOrBLW | ||
| 042 | |a nsdp |a lc | ||
| 049 | |a TXAM | ||
| 050 | 0 | 0 | |a TA706 |b .I45 |
| 210 | 0 | |a Int. j. rock mech. min. sci. geomech. abstr. | |
| 222 | 0 | |a International journal of rock mechanics and mining sciences & geomechanics abstracts | |
| 245 | 0 | 0 | |a International journal of rock mechanics and mining sciences & geomechanics abstracts. |
| 246 | 3 | 0 | |a International journal of rock mechanics and mining sciences and geomechanics abstracts |
| 264 | 1 | |a Oxford ; |a New York : |b Pergamon Press. | |
| 300 | |a 24 volumes : |b illustrations ; |c 24-28 cm. | ||
| 310 | |a 8 no. a year, |b -1996 | ||
| 321 | |a Bimonthly, |b 1977-<1990> | ||
| 321 | |a Monthly, |b 1974-1976 | ||
| 321 | |a Bimonthly, |b 1973 | ||
| 336 | |a text |b txt |2 rdacontent | ||
| 337 | |a unmediated |b n |2 rdamedia | ||
| 338 | |a volume |b nc |2 rdacarrier | ||
| 362 | 0 | |a Vol. 10, no. 2 (Mar. 1973)-v. 33, no. 8 (Dec. 1996). | |
| 500 | |a Title from cover. | ||
| 500 | |a Some issues also available in microfilm. | ||
| 510 | 2 | |a Coal abstracts |x 0309-4979 | |
| 510 | 2 | |a Computer & control abstracts |x 0036-8113 |b Jan. 1974-1991 | |
| 510 | 2 | |a Electrical & electronics abstracts |x 0036-8105 |b Jan. 1974-1991 | |
| 510 | 2 | |a Energy research abstracts |x 0160-3604 |b Apr. 1976- | |
| 510 | 2 | |a Engineering index annual (1968) |x 0360-8557 | |
| 510 | 2 | |a Engineering index bioengineering abstracts |x 0736-6213 | |
| 510 | 2 | |a Engineering index energy abstracts |x 0093-8408 | |
| 510 | 2 | |a Engineering index monthly (1984) |x 0742-1974 | |
| 510 | 2 | |a Excerpta medica | |
| 510 | 2 | |a GeoRef |x 0197-7482 | |
| 510 | 2 | |a MINPROC | |
| 510 | 2 | |a MINTEC. Mining technology abstracts |x 0823-0773 | |
| 510 | 2 | |a Physics abstracts |x 0036-8091 |b Jan. 1974-1991 | |
| 530 | |a Available in microfilm and microfiche. | ||
| 530 | |a Beginning with 1995, also available to subscribers, in HTML and/or PDF, via the World Wide Web. | ||
| 580 | |a Formed by the merger of: Geomechanics abstracts, and: International journal of rock mechanics and mining sciences. | ||
| 580 | |a Split into: International journal of rock mechanics and mining sciences (Oxford, England : 1997), and: Geomechanics abstracts (Amsterdam, Netherlands). | ||
| 650 | 0 | |a Rock mechanics |v Periodicals. | |
| 650 | 0 | |a Soil mechanics |v Periodicals. | |
| 650 | 0 | |a Mining engineering |v Periodicals. | |
| 770 | 0 | |a International Society for Rock Mechanics. |t Directory |w (DLC) 89656359 |w (OCoLC)20601194 | |
| 780 | 1 | 4 | |t Geomechanics abstracts |w (DLC)sn 91011211 |w (OCoLC)1771451 |
| 780 | 1 | 4 | |t International journal of rock mechanics and mining sciences |x 0020-7624 |w (DLC) 64009408 |w (OCoLC)1753590 |
| 785 | 1 | 6 | |t International journal of rock mechanics and mining sciences (Oxford, England : 1997) |w (DLC) 97660982 |w (OCoLC)36435234 |
| 785 | 1 | 6 | |t Geomechanics abstracts (Amsterdam, Netherlands) |x 1365-1617 |w (DLC) 97648322 |w (OCoLC)36832912 |
| 850 | |a AzU |a CLSU |a CU |a CaOTU |a CaOWA |a CoU |a DLC |a DeU |a ICRL |a KyU |a MiDW |a MnU |a MoSW |a NNC |a NSyU |a NcRS |a NjR |a OrCS |a ViBlbV |a VtU | ||
| 949 | |a AM_DB_MFHD URL added |b h |c 2002/12/13 |d c |e bsurratt |f 4:14:47 pm | ||
| 948 | |a MFHD URL added |b h |c 2002/8/16 |d c |e bsurratt |f 10:14:33 am | ||
| 994 | |a E0 |b TXA | ||
| 999 | |a MARS | ||
| 999 | f | f | |s 4700d7b2-04a6-38a1-93fc-6529e6f8dc9c |i fac40c6e-7839-3e2b-88c2-ca2fdb2f4995 |t 0 |
| 952 | f | f | |p ric |a Texas A&M University |b Rellis Campus |c Joint Library Facility |d Remote Storage |t 0 |e TA706 .I45 z Subscription Converted to electronic format. |h Library of Congress classification |i unmediated -- volume |k v.32:no.7 -v.32:no.8 |l 1995-1995 |m A14819992245 |
| 952 | f | f | |p ric |a Texas A&M University |b Rellis Campus |c Joint Library Facility |d Remote Storage |t 0 |e TA706 .I45 z Subscription Converted to electronic format. |h Library of Congress classification |i unmediated -- volume |k v.29:no.4 -v.29:no.6 |l 1992-1992 |m A14817154930 |
| 952 | f | f | |p ric |a Texas A&M University |b Rellis Campus |c Joint Library Facility |d Remote Storage |t 0 |e TA706 .I45 z Subscription Converted to electronic format. |h Library of Congress classification |i unmediated -- volume |k v.23 |l 1986 |m A14838478373 |
| 952 | f | f | |p ric |a Texas A&M University |b Rellis Campus |c Joint Library Facility |d Remote Storage |t 0 |e TA706 .I45 z Subscription Converted to electronic format. |h Library of Congress classification |i unmediated -- volume |k v.32:no.5 -v.32:no.6 |l 1995-1995 |m A14819992198 |
| 952 | f | f | |p ric |a Texas A&M University |b Rellis Campus |c Joint Library Facility |d Remote Storage |t 0 |e TA706 .I45 z Subscription Converted to electronic format. |h Library of Congress classification |i unmediated -- volume |k v.30:no.7 |l 1993:Dec |m A14817908088 |
| 952 | f | f | |p ric |a Texas A&M University |b Rellis Campus |c Joint Library Facility |d Remote Storage |t 0 |e TA706 .I45 z Subscription Converted to electronic format. |h Library of Congress classification |i unmediated -- volume |k v.27:no.1 -v.27:no.3 |l 1990-1990 |m A14813807353 |
| 952 | f | f | |p ric |a Texas A&M University |b Rellis Campus |c Joint Library Facility |d Remote Storage |t 0 |e TA706 .I45 z Subscription Converted to electronic format. |h Library of Congress classification |i unmediated -- volume |k v.33:no.7 -v.33:no.8 |l 1996-1996 |m A14820940374 |
| 952 | f | f | |p ric |a Texas A&M University |b Rellis Campus |c Joint Library Facility |d Remote Storage |t 0 |e TA706 .I45 z Subscription Converted to electronic format. |h Library of Congress classification |i unmediated -- volume |k v.27:no.4 -v.27:no.6 |l 1990-1990 |m A14814669554 |
| 952 | f | f | |p ric |a Texas A&M University |b Rellis Campus |c Joint Library Facility |d Remote Storage |t 0 |e TA706 .I45 z Subscription Converted to electronic format. |h Library of Congress classification |i unmediated -- volume |k v.29:no.1 -v.29:no.3 |l 1992-1992 |m A14817147488 |
| 952 | f | f | |p ric |a Texas A&M University |b Rellis Campus |c Joint Library Facility |d Remote Storage |t 0 |e TA706 .I45 z Subscription Converted to electronic format. |h Library of Congress classification |i unmediated -- volume |k v.26:no.5 -v.26:no.6 |l 1989-1989 |m A14812085796 |
| 952 | f | f | |p ric |a Texas A&M University |b Rellis Campus |c Joint Library Facility |d Remote Storage |t 0 |e TA706 .I45 z Subscription Converted to electronic format. |h Library of Congress classification |i unmediated -- volume |k v.18 |l 1981 |m A14811135441 |
| 952 | f | f | |p ric |a Texas A&M University |b Rellis Campus |c Joint Library Facility |d Remote Storage |t 0 |e TA706 .I45 z Subscription Converted to electronic format. |h Library of Congress classification |i unmediated -- volume |k v.30:no.4 -v.30:no.6 |l 1993-1993 |m A14817908038 |
| 952 | f | f | |p ric |a Texas A&M University |b Rellis Campus |c Joint Library Facility |d Remote Storage |t 0 |e TA706 .I45 z Subscription Converted to electronic format. |h Library of Congress classification |i unmediated -- volume |k v.24:no.4 -v.24:no.6 |l 1987-1987 |m A14812865764 |
| 952 | f | f | |p ric |a Texas A&M University |b Rellis Campus |c Joint Library Facility |d Remote Storage |t 0 |e TA706 .I45 z Subscription Converted to electronic format. |h Library of Congress classification |i unmediated -- volume |k v.33:no.3 -v.33:no.4 |l 1996-1996 |m A14820387217 |
| 952 | f | f | |p ric |a Texas A&M University |b Rellis Campus |c Joint Library Facility |d Remote Storage |t 0 |e TA706 .I45 z Subscription Converted to electronic format. |h Library of Congress classification |i unmediated -- volume |k v.25:no.1 -v.25:no.4 |l 1988-1988 |m A14811790429 |
| 952 | f | f | |p ric |a Texas A&M University |b Rellis Campus |c Joint Library Facility |d Remote Storage |t 0 |e TA706 .I45 z Subscription Converted to electronic format. |h Library of Congress classification |i unmediated -- volume |k v.31:no.5 -v.31:no.6 |l 1994-1994 |m A14818405847 |
| 952 | f | f | |p ric |a Texas A&M University |b Rellis Campus |c Joint Library Facility |d Remote Storage |t 0 |e TA706 .I45 z Subscription Converted to electronic format. |h Library of Congress classification |i unmediated -- volume |k v.17 |l 1980 |m A14818723067 |
| 952 | f | f | |p ric |a Texas A&M University |b Rellis Campus |c Joint Library Facility |d Remote Storage |t 0 |e TA706 .I45 z Subscription Converted to electronic format. |h Library of Congress classification |i unmediated -- volume |k v.33:no.1 -v.33:no.2 |l 1996-1996 |m A14820390626 |
| 952 | f | f | |p ric |a Texas A&M University |b Rellis Campus |c Joint Library Facility |d Remote Storage |t 0 |e TA706 .I45 z Subscription Converted to electronic format. |h Library of Congress classification |i unmediated -- volume |k v.32:no.1 -v.32:no.4 |l 1995-1995 |m A14819496998 |
| 952 | f | f | |p ric |a Texas A&M University |b Rellis Campus |c Joint Library Facility |d Remote Storage |t 0 |e TA706 .I45 z Subscription Converted to electronic format. |h Library of Congress classification |i unmediated -- volume |k v.28:no.4 -v.28:no.6 |l 1991-1991 |m A14815527226 |
| 952 | f | f | |p ric |a Texas A&M University |b Rellis Campus |c Joint Library Facility |d Remote Storage |t 0 |e TA706 .I45 z Subscription Converted to electronic format. |h Library of Congress classification |i unmediated -- volume |k v.33:no.5 -v.33:no.6 |l 1996-1996 |m A14821025135 |
| 952 | f | f | |p ric |a Texas A&M University |b Rellis Campus |c Joint Library Facility |d Remote Storage |t 0 |e TA706 .I45 z Subscription Converted to electronic format. |h Library of Congress classification |i unmediated -- volume |k v.21 |l 1984 |m A14813880034 |
| 952 | f | f | |p ric |a Texas A&M University |b Rellis Campus |c Joint Library Facility |d Remote Storage |t 0 |e TA706 .I45 z Subscription Converted to electronic format. |h Library of Congress classification |i unmediated -- volume |k v.28:no.1 -v.28:no.3 |l 1991-1991 |m A14815311502 |
| 952 | f | f | |p ric |a Texas A&M University |b Rellis Campus |c Joint Library Facility |d Remote Storage |t 0 |e TA706 .I45 z Subscription Converted to electronic format. |h Library of Congress classification |i unmediated -- volume |k v.30:no.1 -v.30:no.3 |l 1993-1993 |m A14818398260 |
| 952 | f | f | |p ric |a Texas A&M University |b Rellis Campus |c Joint Library Facility |d Remote Storage |t 0 |e TA706 .I45 z Subscription Converted to electronic format. |h Library of Congress classification |i unmediated -- volume |k v.20 |l 1983 |m A14838478365 |
| 952 | f | f | |p ric |a Texas A&M University |b Rellis Campus |c Joint Library Facility |d Remote Storage |t 0 |e TA706 .I45 z Subscription Converted to electronic format. |h Library of Congress classification |i unmediated -- volume |k v.26:no.1 -v.26:no.4 |l 1989-1989 |m A14812085843 |
| 952 | f | f | |p ric |a Texas A&M University |b Rellis Campus |c Joint Library Facility |d Remote Storage |t 0 |e TA706 .I45 z Subscription Converted to electronic format. |h Library of Congress classification |i unmediated -- volume |k v.22 |l 1985 |m A14816938276 |
| 952 | f | f | |p ric |a Texas A&M University |b Rellis Campus |c Joint Library Facility |d Remote Storage |t 0 |e TA706 .I45 z Subscription Converted to electronic format. |h Library of Congress classification |i unmediated -- volume |k v.16 |l 1979 |m A14811133758 |
| 952 | f | f | |p ric |a Texas A&M University |b Rellis Campus |c Joint Library Facility |d Remote Storage |t 0 |e TA706 .I45 z Subscription Converted to electronic format. |h Library of Congress classification |i unmediated -- volume |k v.31:no.1 -v.31:no.2 |l 1994-1994 |m A14819047105 |
| 952 | f | f | |p ric |a Texas A&M University |b Rellis Campus |c Joint Library Facility |d Remote Storage |t 0 |e TA706 .I45 z Subscription Converted to electronic format. |h Library of Congress classification |i unmediated -- volume |k v.25:no.5 -v.25:no.6 |l 1988-1988 |m A14811790479 |
| 952 | f | f | |p ric |a Texas A&M University |b Rellis Campus |c Joint Library Facility |d Remote Storage |t 0 |e TA706 .I45 z Subscription Converted to electronic format. |h Library of Congress classification |i unmediated -- volume |k v.31:no.3 -v.31:no.4 |l 1994-1994 |m A14818405790 |
| 952 | f | f | |p ric |a Texas A&M University |b Rellis Campus |c Joint Library Facility |d Remote Storage |t 0 |e TA706 .I45 z Subscription Converted to electronic format. |h Library of Congress classification |i unmediated -- volume |k v.19 |l 1982 |m A14811224583 |
| 952 | f | f | |p ric |a Texas A&M University |b Rellis Campus |c Joint Library Facility |d Remote Storage |t 0 |e TA706 .I45 z Subscription Converted to electronic format. |h Library of Congress classification |i unmediated -- volume |k v.24:no.1 -v.24:no.3 |l 1987-1987 |m A14812865714 |
| 998 | f | f | |a TA706 .I45 z Subscription Converted to electronic format. |s v.16-33 (1979-1996), |t 0 |l Remote Storage |